|
|
|
|
| LEADER |
00000cam a2200000 a 4500 |
| 001 |
vtls008373994 |
| 003 |
SK-MaSNL |
| 005 |
20260301041340.0 |
| 008 |
200104s1943 xo 000 0 slo |
| 015 |
|
|
|a SKSNBA19421945-044/0854
|
| 035 |
|
|
|a SK01SNKBKSD220010066211
|
| 035 |
|
|
|a urn:nbn:sk:snk-am3hgv2
|
| 035 |
|
|
|a EF147F0E-852A-4B91-9646-53C04BA2A72C
|
| 035 |
|
|
|a urn:nbn:sk:snk-am00czv8
|
| 035 |
|
|
|a SKM000068674
|
| 040 |
|
|
|a SNK
|b slo
|c SNK
|e AACR2
|
| 041 |
0 |
|
|a slo
|
| 044 |
|
|
|a xo
|c SK
|
| 080 |
|
|
|a 374
|2 1981
|
| 080 |
|
|
|a 379.83/.84
|2 2001
|
| 080 |
|
|
|a 711.455.8
|2 2011
|
| 080 |
|
|
|a (036)
|2 2011
|
| 245 |
0 |
0 |
|a Hor' sa do letovísk SEM!
|b (informačná pomôcka pre táborníkov a rodičov)
|
| 260 |
|
|
|a Liptovský Sv. Mikuláš
|c 1943
|e Liptovský Sv. Mikuláš
|f Tempo
|
| 300 |
|
|
|a 39, [2] s.
|c 12°
|
| 610 |
2 |
7 |
|a Evanjelická cirkev a.v.
|2 SNKKA
|9 32425
|
| 650 |
0 |
7 |
|a detské tábory
|2 SNKPH
|9 30299
|
| 650 |
0 |
7 |
|a prázdninové tábory
|2 SNKPH
|9 71360
|
| 655 |
|
7 |
|a informačné publikácie
|2 SNKPH
|9 70181
|
| 752 |
|
|
|a Slovensko
|d Liptovský Mikuláš
|
| 958 |
|
|
|a ONDV
|
| 958 |
|
|
|a RK
|
| 958 |
|
|
|a TL
|
| 999 |
|
|
|c 588201
|d 590131
|
| 952 |
|
|
|a SNK
|b SNK
|y PREZ
|7 0
|p 17A0733234
|o snkSE 1224
|i snkKSF 389/56
|8 5
|0 0
|1 0
|4 0
|d 2017-11-16
|f 1
|l 0
|r 2026-02-23 15:15:34
|w 2026-02-23
|
| 952 |
|
|
|a SNK
|b SNK
|y VYP
|7 0
|p 17A1188903
|o snkSE 1224 D1
|i snkK 3517/77
|8 3
|0 0
|1 0
|4 0
|d 2017-12-12
|l 0
|r 2026-02-23 15:15:34
|w 2026-02-23
|